Color in interior design /

Introduction. Color in interior design. Vision, light, and color. Color systems. The color wheel. Color charts. Color schemes. Color schemes in practice. From charts to realization. Analysis of color schemes...

Đã lưu trong:
Sonraí Bibleagrafaíochta
Príomhúdar: Pile, John F.
Formáid: Leabhar
Teanga:English
Foilsithe: New York : McGraw-Hill, 1997.
Ábhair:
Clibeanna: Cuir Clib Leis
Gan Chlibeanna, Bí ar an gcéad duine leis an taifead seo a chlibeáil!
Thư viện lưu trữ: Mạng thư viện Đại học Đà Nẵng
LEADER 01269cam a2200349 a 4500
001 000048163
003 7868
005 20060623085828.0
008 010326b1997 vm 000 eng
020 |a 0070501653 
040 |a IRC  |c IRC  |d IRC 
041 0 |a eng 
082 1 4 |a 747.94  |b PI-J 
100 1 |a Pile, John F. 
245 1 0 |a Color in interior design /  |c John F. Pile. 
260 |a New York :  |b McGraw-Hill,  |c 1997. 
300 |a x, 305 p. :  |b ill. (some col.);  |c 28.5 cm. 
520 3 |a Introduction. Color in interior design. Vision, light, and color. Color systems. The color wheel. Color charts. Color schemes. Color schemes in practice. From charts to realization. Analysis of color schemes... 
630 0 4 |a Color. 
650 0 4 |a Color in interior decoration. 
OWN |a DUT 
AVA |a UDN50  |b DUT  |c Book  |d 747.94 PI-J  |e available  |t Error 5001 Not defined in file expand_doc_bib_avail.  |f 1  |g 0  |h N  |i 0  |j SH  |k 1 
999 |a From the UDN01 
AVA |a UDN50  |b DUT  |c Book  |d 747.94 PI-J  |e available  |t Error 5001 Not defined in file expand_doc_bib_avail.  |f 1  |g 0  |h N  |i 0  |j SH  |k 1 
TYP |a Monograph 
TYP |a Printed language 
980 |a Mạng thư viện Đại học Đà Nẵng